| 000 | 00355nam a2200145Ia 4500 | ||
|---|---|---|---|
| 008 | 230917s9999||||xx |||||||||||||| ||und|| | ||
| 040 |
_e35475 _aMAIN |
||
| 041 | _aEnglish | ||
| 082 | _a347.7 S34C | ||
| 100 | _aSrinivas, E A | ||
| 245 | 0 | _aCorporate tax planning | |
| 260 |
_aNew Delhi _bTata McGraw-Hill _c1981 |
||
| 300 | _axix, 371 p. | ||
| 942 | _cBK | ||
| 999 |
_c221602 _d221602 |
||